The iron man: (Record no. 2269)

MARC details
000 -LEADER
fixed length control field 00966cam a22003131 4500
001 - CONTROL NUMBER
control field 2269
003 - CONTROL NUMBER IDENTIFIER
control field FISKH
005 - DATE AND TIME OF LATEST TRANSACTION
control field 20250903082014.0
008 - FIXED-LENGTH DATA ELEMENTS--GENERAL INFORMATION
fixed length control field 710408s1968 enk j 000 0 eng
010 ## - LIBRARY OF CONGRESS CONTROL NUMBER
LC control number 68095711
015 ## - NATIONAL BIBLIOGRAPHY NUMBER
National bibliography number B68-03701
020 ## - INTERNATIONAL STANDARD BOOK NUMBER
International Standard Book Number 9780571226122
040 ## - CATALOGING SOURCE
Original cataloging agency DLC
Transcribing agency DLC
Modifying agency DLC
Language of cataloging eng
050 00 - LIBRARY OF CONGRESS CALL NUMBER
Classification number PZ7.H87398
Item number Ir
082 ## - DEWEY DECIMAL CLASSIFICATION NUMBER
Classification number 823.914
100 1# - MAIN ENTRY--PERSONAL NAME
Personal name Hughes, Ted
Dates associated with a name 1930-1998.
245 14 - TITLE STATEMENT
Title The iron man:
Remainder of title a children's story in five nights;
Statement of responsibility, etc. illustrated by Tom Gauld.
250 ## - EDITION STATEMENT
Edition statement This edition first published in 2005
260 ## - PUBLICATION, DISTRIBUTION, ETC.
Place of publication, distribution, etc. London :
Name of publisher, distributor, etc. Faber,
Date of publication, distribution, etc. 1968
300 ## - PHYSICAL DESCRIPTION
Extent 63 pages :
Dimensions 21 cm
350 ## - PRICE (NR) (BK AM CF MU VM SE) [OBSOLETE]
Price 13/6
500 ## - GENERAL NOTE
General note American ed. (New York, Harper & Row) has title: The iron giant.
505 ## - FORMATTED CONTENTS NOTE
Formatted contents note M
520 ## - SUMMARY, ETC.
Summary, etc. The fearsome iron giant becomes a hero when he challenges a huge space monster.
521 8# - TARGET AUDIENCE NOTE
Target audience note 760 <br/>
Source Lexile
521 8# - TARGET AUDIENCE NOTE
Target audience note M <br/>
Source Raz-Plus
906 ## - LOCAL DATA ELEMENT F, LDF (RLIN)
a 7
b cbc
c orignew
d u
e opcn
f 19
g y-gencatlg
942 ## - ADDED ENTRY ELEMENTS (KOHA)
Source of classification or shelving scheme Dewey Decimal Classification
Koha item type Books
Suppress in OPAC No
Holdings
Withdrawn status Lost status Source of classification or shelving scheme Damaged status Not for loan Collection Home library Current library Shelving location Date acquired Total Checkouts Full call number Barcode Date last seen Copy number Price effective from Koha item type
    Dewey Decimal Classification     Juvenile Fiction Footprints International School Library Network Toul Kork Campus Footprints International School Library Network Toul Kork Campus TK Primary Library Room(4th Floor), Bookcase 5&6, Shelves 33-56, Orange Books 11/14/2023   HUG 823.914 PZ7.H87398 2023-0743 11/14/2023 1 11/14/2023 Books